[Event "2. Bundesliga Mitte 2012/2013"]
[Site "Wolfsberg"]
[Date "2012.11.25"]
[Round "5"]
[Board "4"]
[White "Schwarhofer, Christopher"]
[Black "Halvax, Georg"]
[Result "1-0"]
[WhiteElo "2285"]
[BlackElo "2282"]
[PlyCount "79"]
[EventDate "2012.10.19"]
[EventType "team"]
[EventRounds "11"]
[EventCountry "AUT"]
[WhiteTeam "Schachklub Sparkasse Fuerstenfeld"]
[BlackTeam "Schachclub MPOE Maria Saal"]

1. e4 c5 2. Nc3 Nc6 3. d3 g6 4. Be3 d6 5. Qd2 Bg7 6. g3 Nd4 7. Nd1 h5 8. c3 Nc6
9. h3 Qa5 10. Bg2 Rb8 11. f4 Bd7 12. Ne2 b5 13. d4 cxd4 14. cxd4 Qxd2+ 15. Kxd2
a6 16. Rc1 e6 17. Nf2 Nge7 18. Nd3 f6 19. b3 O-O 20. d5 exd5 21. exd5 Na5 22.
Rc7 Rb7 23. Rhc1 Nf5 24. Bf2 Ra8 25. Nb4 Bf8 26. Be4 Ne7 27. Rxb7 Nxb7 28. Rc7
Bc8 29. Nc6 Kf7 30. Bb6 a5 31. Ned4 Ra6 32. Nxe7 Bxe7 33. Nc6 Rxb6 34. Nxe7 Bd7
35. Rxd7 Ke8 36. Rc7 Kd8 37. Rc6 Nc5 38. Rxb6 Nxe4+ 39. Ke3 Nc3 40. Rb7 1-0

[Event "2. Bundesliga Mitte 2012/2013"]
[Site "Wolfsberg"]
[Date "2012.11.25"]
[Round "5"]
[Board "6"]
[White "Hatzl, Johannes"]
[Black "Rieger, Robert"]
[Result "1-0"]
[WhiteElo "2125"]
[BlackElo "2124"]
[PlyCount "61"]
[EventDate "2012.10.19"]
[EventType "team"]
[EventRounds "11"]
[EventCountry "AUT"]
[WhiteTeam "Schachklub Sparkasse Fuerstenfeld"]
[BlackTeam "Schachclub MPOE Maria Saal"]

1. e4 e6 2. d4 d5 3. Nd2 dxe4 4. Nxe4 Nf6 5. Nxf6+ Qxf6 6. Nf3 h6 7. Bd3 Bd6 8.
O-O O-O 9. Qe2 Qe7 10. b3 Nd7 11. Bb2 Nf6 12. c4 b6 13. c5 bxc5 14. dxc5 Bxc5
15. Bxf6 Qxf6 16. Qe4 Qf5 17. Qxa8 Qxd3 18. Qc6 Bd6 19. Rac1 Bd7 20. Qc2 Qd5
21. Rfe1 Qh5 22. Qe2 Bf4 23. Rc2 e5 24. g3 Bg4 25. Rc3 Bg5 26. Qe4 Bf6 27. Nxe5
Re8 28. f4 g5 29. Nxg4 Bxc3 30. Qxe8+ Kg7 31. Re7 1-0

[Event "2. Bundesliga Mitte 2012/2013"]
[Site "Gleisdorf"]
[Date "2012.11.25"]
[Round "5"]
[Board "1"]
[White "Meszaros, Tamas"]
[Black "Kovacs, Gabor"]
[Result "0-1"]
[WhiteElo "2426"]
[BlackElo "2461"]
[PlyCount "80"]
[EventDate "2012.10.19"]
[EventType "team"]
[EventRounds "11"]
[EventCountry "AUT"]
[WhiteTeam "RbEJ Gleisdorf"]
[BlackTeam "Union Styria Graz"]

1. e4 e5 2. Nf3 Nf6 3. Nxe5 d6 4. Nf3 Nxe4 5. Nc3 Nf6 6. d4 Be7 7. h3 O-O 8.
Bd3 Re8 9. O-O Nbd7 10. Ne2 Bf8 11. Ng3 b6 12. c4 Bb7 13. d5 c6 14. dxc6 Bxc6
15. b3 Bxf3 16. Qxf3 Ne5 17. Qd1 d5 18. cxd5 Nxd3 19. Qxd3 Qxd5 20. Qxd5 Nxd5
21. Bb2 Nb4 22. Rfd1 Rad8 23. Rxd8 Rxd8 24. Bc3 Rc8 25. Bxb4 Bxb4 26. Rd1 Kf8
27. Rd7 a5 28. Nf5 Rc1+ 29. Kh2 Ke8 30. Rb7 g6 31. Nh6 Bd6+ 32. g3 Bc7 33. Ng4
Kd8 34. Ra7 Kc8 35. b4 Kb8 36. Ra6 Kb7 37. b5 Rc2 38. Kg2 Rxa2 39. Nf6 Rb2 40.
Nd5 Bd8 0-1

[Event "2. Bundesliga Mitte 2012/2013"]
[Site "Gleisdorf"]
[Date "2012.11.25"]
[Round "5"]
[Board "3"]
[White "Wegerer, Fred"]
[Black "Rogulj, Branko"]
[Result "1-0"]
[WhiteElo "2194"]
[BlackElo "2430"]
[PlyCount "127"]
[EventDate "2012.10.19"]
[EventType "team"]
[EventRounds "11"]
[EventCountry "AUT"]
[WhiteTeam "RbEJ Gleisdorf"]
[BlackTeam "Union Styria Graz"]

1. Nf3 Nf6 2. b3 g6 3. Bb2 Bg7 4. e4 d6 5. Qc1 O-O 6. Nc3 c5 7. d3 Nc6 8. Be2
e5 9. O-O Nh5 10. Nd5 f5 11. Nd2 f4 12. Qd1 Nf6 13. Nxf6+ Qxf6 14. Bg4 h5 15.
Bxc8 Raxc8 16. f3 g5 17. Nb1 Qg6 18. Nc3 Rf7 19. Nd5 Kh7 20. c3 Rg8 21. h3 Qe6
22. Kf2 Bh6 23. Rh1 Rfg7 24. Rh2 Rg6 25. b4 Ne7 26. Nxe7 Qxe7 27. Qa4 a6 28.
Rd1 Rc8 29. a3 Qe6 30. c4 g4 31. hxg4 hxg4 32. Ke2 gxf3+ 33. gxf3 cxb4 34. Qxb4
Rc7 35. Qb6 Rcg7 36. Rf1 Qd7 37. Qb4 b5 38. cxb5 axb5 39. Bc3 Qc6 40. Bd2 Qb6
41. a4 Qa7 42. Qxb5 Rb7 43. Qc4 Rb2 44. d4 exd4 45. Kd3 Qb7 46. Qxd4 d5 47.
exd5 Qb3+ 48. Bc3 Qxc3+ 49. Qxc3 Rxh2 50. Qc7+ Rg7 51. Qe5 Bg5 52. Qf5+ Rg6 53.
Rb1 Bf6 54. Rg1 Rhh6 55. d6 Kg7 56. Qd7+ Kg8 57. Qe8+ Kg7 58. Rxg6+ Rxg6 59.
Ke4 Rg1 60. Kf5 Rg5+ 61. Kxf4 Rd5 62. Qe6 Ra5 63. Qe8 Kh6 64. Ke4 1-0

[Event "2. Bundesliga Mitte 2012/2013"]
[Site "Gleisdorf"]
[Date "2012.11.25"]
[Round "5"]
[Board "4"]
[White "Danner, Georg"]
[Black "Horvath, Sandor"]
[Result "1-0"]
[WhiteElo "2344"]
[BlackElo "2286"]
[PlyCount "99"]
[EventDate "2012.10.19"]
[EventType "team"]
[EventRounds "11"]
[EventCountry "AUT"]
[WhiteTeam "Union Styria Graz"]
[BlackTeam "RbEJ Gleisdorf"]

1. d4 Nf6 2. Nf3 e6 3. e3 b6 4. Bd3 Bb7 5. O-O Be7 6. c4 d5 7. cxd5 exd5 8. Nc3
O-O 9. b3 Nbd7 10. Bb2 c5 11. Rc1 Ne4 12. Ne2 Rc8 13. Nf4 Bd6 14. Ne5 cxd4 15.
Rxc8 Qxc8 16. Nxd7 Qxd7 17. Bxe4 Bxf4 18. Qxd4 Bh6 19. Rd1 Rd8 20. Bf3 f5 21.
g3 Bg5 22. Qd3 Qe6 23. Bd4 Bf6 24. Rc1 Rd7 25. a4 Kf7 26. Kg2 Bxd4 27. Qxd4 Qf6
28. Qf4 g6 29. h4 Kg7 30. b4 {[%emt 0:00:00]} h6 {[%emt 0:00:00]} 31. b5 g5 32.
hxg5 hxg5 33. Qd4 Qxd4 34. exd4 Kf6 35. Rh1 g4 36. Be2 Kg7 37. Bd3 Rf7 38. Re1
Kf6 39. Re8 Kg7 40. Kf1 Kf6 41. Ke2 f4 42. gxf4 Rg7 43. Rf8+ Ke7 44. Rb8 Kd6
45. f5 Re7+ 46. Kd2 Kc7 47. Rg8 Bc8 48. f6 Rf7 49. Rg7 Rxg7 50. fxg7 1-0

[Event "2. Bundesliga Mitte 2012/2013"]
[Site "Gleisdorf"]
[Date "2012.11.25"]
[Round "5"]
[Board "5"]
[White "Watzka, Horst"]
[Black "Wittmann, Walter"]
[Result "1/2-1/2"]
[WhiteElo "2259"]
[BlackElo "2245"]
[PlyCount "37"]
[EventDate "2012.10.19"]
[EventType "team"]
[EventRounds "11"]
[EventCountry "AUT"]
[WhiteTeam "RbEJ Gleisdorf"]
[BlackTeam "Union Styria Graz"]

1. e4 e5 2. Nf3 Nc6 3. Bb5 a6 4. Bxc6 dxc6 5. O-O Ne7 6. Nxe5 Qd4 7. Qh5 g6 8.
Nf3 Qxe4 9. Qa5 Bg4 10. Re1 Qd5 11. Qxc7 Bxf3 12. gxf3 Qxf3 13. Qxb7 Qg4+ 14.
Kf1 Qh3+ 15. Ke2 Qe6+ 16. Kf1 Qh3+ 17. Kg1 Qg4+ 18. Kf1 Qh3+ 19. Kg1 1/2-1/2

[Event "2. Bundesliga Mitte 2012/2013"]
[Site "Gleisdorf"]
[Date "2012.11.25"]
[Round "5"]
[Board "1"]
[White "Karner, Christoph"]
[Black "Krebs, Johann"]
[Result "1/2-1/2"]
[WhiteElo "2304"]
[BlackElo "2243"]
[PlyCount "63"]
[EventDate "2012.10.19"]
[EventType "team"]
[EventRounds "11"]
[EventCountry "AUT"]
[WhiteTeam "ESV Austria Graz"]
[BlackTeam "StrassenbahnGraz"]

1. d4 Nf6 2. c4 g6 3. Nc3 Bg7 4. e4 d6 5. Nf3 O-O 6. h3 c5 7. d5 e6 8. Bd3 exd5
9. exd5 Re8+ 10. Be3 Bh6 11. O-O Bxe3 12. fxe3 Qe7 13. e4 Nbd7 14. Qd2 Rf8 15.
Qh6 Ne8 16. Rf2 Ne5 17. Nxe5 dxe5 18. Raf1 f6 19. Nd1 Bd7 20. Nc3 Nd6 21. Qh4
Kg7 22. b4 Rac8 23. a3 Rf7 24. g4 b6 25. Qg3 Rh8 26. bxc5 bxc5 27. Rb1 Rff8 28.
Rfb2 h5 29. Rg2 hxg4 30. hxg4 Qd8 31. Nd1 g5 32. Qe1 1/2-1/2

[Event "2. Bundesliga Mitte 2012/2013"]
[Site "Gleisdorf"]
[Date "2012.11.25"]
[Round "5"]
[Board "2"]
[White "Steiner, Stefan"]
[Black "Aschenbrenner, Robert"]
[Result "1-0"]
[WhiteElo "2249"]
[BlackElo "2264"]
[PlyCount "117"]
[EventDate "2012.10.19"]
[EventType "team"]
[EventRounds "11"]
[EventCountry "AUT"]
[WhiteTeam "StrassenbahnGraz"]
[BlackTeam "ESV Austria Graz"]

1. Nf3 Nf6 2. c4 b6 3. d4 Bb7 4. Nc3 e6 5. a3 d5 6. cxd5 exd5 7. Bf4 a6 8. g3
Bd6 9. Bg2 O-O 10. Ne5 Nbd7 11. O-O Re8 12. Nd3 Nf8 13. Bg5 c6 14. e3 Ne6 15.
Bxf6 Qxf6 16. Rc1 g6 17. Na4 Bc7 18. Nb4 b5 19. Nc5 Nxc5 20. Rxc5 Bd6 21. Rc1
Rac8 22. Nd3 Rc7 23. Qd2 Qd8 24. Nc5 Bc8 25. Qa5 Rce7 26. Qxd8 Rxd8 27. Nb3 Rc7
28. Na5 c5 29. dxc5 Bxc5 30. b4 Bb6 31. Rxc7 Bxc7 32. Nc6 Rd7 33. Bxd5 Bb7 34.
Ne7+ Rxe7 35. Bxb7 a5 36. bxa5 Bxa5 37. Bd5 b4 38. a4 Rc7 39. Rb1 Kf8 40. Kf1
Ke7 41. Bb3 Rc3 42. Ke2 h6 43. Kd2 g5 44. Bd1 Kd6 45. Rb3 Kc5 46. f3 Kc4 47.
Rxc3+ bxc3+ 48. Kc2 Kb4 49. Kd3 Ka3 50. f4 gxf4 51. gxf4 Kb4 52. e4 f6 53. Kd4
Bc7 54. e5 fxe5+ 55. fxe5 Bd8 56. h3 h5 57. Kd5 Ka3 58. e6 Kb2 59. a5 1-0

[Event "2. Bundesliga Mitte 2012/2013"]
[Site "Gleisdorf"]
[Date "2012.11.25"]
[Round "5"]
[Board "3"]
[White "Fahrner, Kurt"]
[Black "Schink, Barbara"]
[Result "1-0"]
[WhiteElo "2378"]
[BlackElo "2167"]
[PlyCount "106"]
[EventDate "2012.10.19"]
[EventType "team"]
[EventRounds "11"]
[EventCountry "AUT"]
[WhiteTeam "ESV Austria Graz"]
[BlackTeam "StrassenbahnGraz"]

1. d4 d5 2. c4 dxc4 3. Nf3 Nf6 4. Qa4+ Nc6 5. Qxc4 Be6 6. Qa4 Qd7 7. e3 Bd5 8.
Nc3 Bxf3 9. gxf3 e5 10. dxe5 Nxe5 11. Qxd7+ Nfxd7 12. f4 Nc6 13. Bg2 Nb4 14.
Ke2 O-O-O 15. a3 Na6 16. b4 c5 17. Nd5 Kb8 18. Bd2 Bd6 19. Rhd1 h6 20. Bc3 {
[%emt 0:00:00]} Rhe8 21. Rd3 g5 22. Rad1 Bc7 23. b5 c4 24. Rd4 Nac5 25. Rxc4
Ne6 26. Nxc7 Nxc7 27. Rcd4 Nxb5 28. R4d3 Nxc3+ 29. Rxc3 gxf4 30. Rcd3 Kc7 31.
Rc1+ Kb8 32. Rcd1 Kc7 33. Bxb7 Nc5 34. Rxd8 Rxd8 35. Rxd8 Kxd8 36. Bd5 fxe3 37.
Kxe3 Ke7 38. Kd4 Nd7 39. h3 f6 40. Be4 Kd6 41. Bc2 Nc5 42. Kc4 Ne6 43. Bf5 Nc7
44. Bg4 Nd5 45. Kd4 Ne7 46. Bf3 Nf5+ 47. Ke4 Ne7 48. Be2 f5+ 49. Kd4 Nd5 50.
Bd3 Ne7 51. Bc2 Nc6+ 52. Kc4 Ke5 53. Kc5 Nd4 1-0

[Event "2. Bundesliga Mitte 2012/2013"]
[Site "Gleisdorf"]
[Date "2012.11.25"]
[Round "5"]
[Board "4"]
[White "Teuschler, Hugo"]
[Black "Spindelboeck, Gernot"]
[Result "1-0"]
[WhiteElo "2031"]
[BlackElo "2233"]
[PlyCount "87"]
[EventDate "2012.10.19"]
[EventType "team"]
[EventRounds "11"]
[EventCountry "AUT"]
[WhiteTeam "StrassenbahnGraz"]
[BlackTeam "ESV Austria Graz"]

1. e4 e6 2. d4 d5 3. Nc3 Bb4 4. Nge2 Nf6 5. e5 Nfd7 6. a3 Be7 7. f4 c5 8. Be3
Nc6 9. dxc5 Bxc5 10. Bxc5 Nxc5 11. b4 Nd7 12. Nd4 Qb6 13. Ncb5 O-O 14. c3 a6
15. Nd6 Nxd4 16. Qxd4 f6 17. Qxb6 Nxb6 18. exf6 Rxf6 19. g3 e5 20. fxe5 Re6 21.
Bd3 Rxe5+ 22. Kd2 Re6 23. Nxc8 Nxc8 24. c4 Nb6 25. c5 Nd7 26. Bf5 Re7 27. Bxd7
Rxd7 28. Kd3 d4 29. Rhf1 Rc8 30. Rf4 Re8 31. Rxd4 Rxd4+ 32. Kxd4 Re2 33. a4
Rxh2 34. Kc4 Rg2 35. b5 Rc2+ 36. Kd5 Rd2+ 37. Ke6 Rc2 38. Kd6 axb5 39. axb5 Rb2
40. b6 Rb3 41. Kc7 Rc3 42. Ra5 Kf7 43. Kxb7 Ke6 44. c6 1-0

[Event "2. Bundesliga Mitte 2012/2013"]
[Site "Gleisdorf"]
[Date "2012.11.25"]
[Round "5"]
[Board "6"]
[White "Kainz, Josef"]
[Black "Pfaffel, Thomas"]
[Result "1/2-1/2"]
[WhiteElo "1946"]
[BlackElo "2116"]
[PlyCount "230"]
[EventDate "2012.10.19"]
[EventType "team"]
[EventRounds "11"]
[EventCountry "AUT"]
[WhiteTeam "StrassenbahnGraz"]
[BlackTeam "ESV Austria Graz"]

1. d4 Nf6 2. Nf3 e6 3. c4 b6 4. Nc3 Bb7 5. a3 d5 6. cxd5 Nxd5 7. Qc2 Nd7 8. e4
Nxc3 9. bxc3 Be7 10. Bd3 c5 11. O-O O-O 12. Bf4 Rc8 13. Qe2 Re8 14. Rfe1 Nf8
15. Bb5 Bc6 16. Ba6 Ra8 17. Ne5 Bd7 18. Nxd7 Qxd7 19. Bb5 Qb7 20. Bxe8 Rxe8 21.
a4 Ng6 22. Bg3 Rc8 23. Rab1 Bf6 24. Red1 Qc6 25. Qa6 Ra8 26. d5 Qe8 27. c4 Bd4
28. a5 h5 29. h4 exd5 30. exd5 bxa5 31. Re1 Qd8 32. Rb7 Nxh4 33. d6 Nf5 34. d7
Kh7 35. Be5 Qe7 36. Qxa5 Bxe5 37. Rxe5 Qxe5 38. d8=Q Rxd8 39. Qxd8 Qe1+ 40. Kh2
Qxf2 41. Rxf7 Qg3+ 42. Kg1 Qe1+ 43. Kh2 Qe5+ 44. Kg1 Qe3+ 45. Kh2 Nh6 46. Rf3
Ng4+ 47. Kh3 Qe1 48. Qd3+ Kg8 49. Qd5+ Kh7 50. Qxh5+ Nh6 51. Qxc5 Qh1+ 52. Kg3
Qe1+ 53. Kh2 Qh4+ 54. Rh3 Qf4+ 55. Kh1 Qf1+ 56. Kh2 Qf4+ 57. Kg1 Qc1+ 58. Kf2
Qd2+ 59. Kg3 Qd3+ 60. Kf4 Qf1+ 61. Kg3 Qe1+ 62. Qf2 Qc3+ 63. Kh2 Qxc4 64. Qxa7
Qf4+ 65. Kh1 Qf1+ 66. Qg1 Qf4 67. Qb1+ Kg8 68. Qa2+ Kh7 69. Qc2+ Kg8 70. Rf3
Qh4+ 71. Kg1 Qe1+ 72. Rf1 Qe3+ 73. Kh1 Qe7 74. Qc4+ Kh7 75. Qf4 Qe2 76. Rf3
Qe1+ 77. Kh2 Qe2 78. Kh3 Qe6+ 79. g4 Qe8 80. Qh2 Qe4 81. Qg2 Qe6 82. Qc2+ Kg8
83. Qb3 Qxb3 84. Rxb3 Nf7 85. Kh4 Kh7 86. Rb7 Ne5 87. Kg5 Kg8 88. Kf5 Nf7 89.
Rb8+ Kh7 90. g5 Nd6+ 91. Kg4 Ne4 92. Rb6 Kg8 93. Kf5 Nc5 94. Rc6 Nd7 95. Rc8+
Kf7 96. g6+ Ke7 97. Rc7 Kd8 98. Ra7 Ke8 99. Rb7 Kd8 100. Rb1 Nf8 101. Re1 Kd7
102. Rf1 Ke7 103. Kg5 Ne6+ 104. Kg4 Nd8 105. Rf2 Ke8 106. Rh2 Ke7 107. Kf4 Nb7
108. Ke5 Nd6 109. Rf2 Nc4+ 110. Kd4 Nd6 111. Kd5 Kd7 112. Ra2 Nc8 113. Rf2 Ne7+
114. Ke4 Ke6 115. Rf7 Nxg6 1/2-1/2

[Event "2. Bundesliga Mitte 2012/2013"]
[Site "Sauwald"]
[Date "2012.11.25"]
[Round "5"]
[Board "1"]
[White "Taggatz, Mario"]
[Black "Cifka, Stanislav"]
[Result "0-1"]
[WhiteElo "2303"]
[BlackElo "2409"]
[PlyCount "80"]
[EventDate "2012.10.19"]
[EventType "team"]
[EventRounds "11"]
[EventCountry "AUT"]
[WhiteTeam "Spg. Sauwald"]
[BlackTeam "SV Steyregg"]

1. d4 e6 2. c4 c5 3. Nf3 a6 4. Nc3 cxd4 5. Nxd4 b6 6. e4 Bb7 7. Be2 Qc7 8. Be3
Nf6 9. f3 Bd6 10. g3 Be7 11. Qd2 O-O 12. O-O d6 13. Rfc1 Nbd7 14. a4 Rab8 15.
Qd1 Ba8 16. Nb3 Nc5 17. Nd4 Rfe8 18. b4 Ncd7 19. Nb3 Bf8 20. a5 bxa5 21. b5
axb5 22. cxb5 Nc5 23. Nxc5 dxc5 24. Qa4 Bd6 25. Qxa5 Bxg3 26. hxg3 Qxg3+ 27.
Kf1 Nxe4 28. Nxe4 Bxe4 29. fxe4 Qxe3 30. Qc3 Qxe4 31. Qxc5 e5 32. Qc6 Qh4 33.
Bc4 e4 34. Ra7 Qh1+ 35. Ke2 Qf3+ 36. Kd2 Qf2+ 37. Kc3 Qxa7 38. Rf1 Re7 39. Kb2
e3 40. Rh1 Qd4+ 0-1

[Event "2. Bundesliga Mitte 2012/2013"]
[Site "Sauwald"]
[Date "2012.11.25"]
[Round "5"]
[Board "3"]
[White "Hiermann, Dietmar"]
[Black "Pataki, Gyoezoe"]
[Result "1-0"]
[WhiteElo "2311"]
[BlackElo "2367"]
[PlyCount "66"]
[EventDate "2012.10.19"]
[EventType "team"]
[EventRounds "11"]
[EventCountry "AUT"]
[WhiteTeam "Spg. Sauwald"]
[BlackTeam "SV Steyregg"]

1. e4 c5 2. Nf3 Nc6 3. d4 cxd4 4. Nxd4 Nf6 5. Nc3 d6 6. f3 e6 7. Be3 a6 8. Qd2
Be7 9. O-O-O h5 10. Kb1 Bd7 11. Bd3 Qc7 12. Rhe1 b5 13. Nxc6 Bxc6 14. Bg5 O-O
15. h4 Rfd8 16. Ne2 d5 17. e5 Ne4 18. Qf4 Nxg5 19. hxg5 g6 20. g4 hxg4 21. Rh1
Bf8 22. Nd4 Bg7 23. Nxc6 Qxc6 24. Rh7 Qc7 25. Rxg7+ Kxg7 26. Qf6+ Kf8 27. Bxg6
Ke8 28. Rh1 Kd7 29. Bxf7 Kc6 30. Bxe6 gxf3 31. g6 Kc5 32. c3 Rf8 33. Bf7 Rad8
1-0

[Event "2. Bundesliga Mitte 2012/2013"]
[Site "Sauwald"]
[Date "2012.11.25"]
[Round "5"]
[Board "4"]
[White "Enoeckl, Philipp"]
[Black "Testor, Sebastian"]
[Result "1/2-1/2"]
[WhiteElo "2316"]
[BlackElo "2308"]
[PlyCount "71"]
[EventDate "2012.10.19"]
[EventType "team"]
[EventRounds "11"]
[EventCountry "AUT"]
[WhiteTeam "SV Steyregg"]
[BlackTeam "Spg. Sauwald"]

1. d4 e6 2. c4 Nf6 3. Nc3 Bb4 4. f3 d5 5. a3 Bxc3+ 6. bxc3 c6 7. Qc2 c5 8. cxd5
exd5 9. e3 O-O 10. Ne2 b6 11. Ng3 Qd7 12. Bd3 Ba6 13. O-O cxd4 14. Bxa6 Nxa6
15. cxd4 Rac8 16. Qd3 Rc4 17. e4 Qa4 18. Bb2 Qc2 19. Qxc2 Rxc2 20. Rf2 Rfc8 21.
Rxc2 Rxc2 22. Rc1 Rxc1+ 23. Bxc1 Nc7 24. e5 Nd7 25. Nf5 Nb8 26. Kf2 Nc6 27. Ke3
g6 28. Nh6+ Kf8 29. Ng4 h5 30. Nf6 Ne7 31. g4 hxg4 32. fxg4 Ng8 33. Nh7+ Kg7
34. Ng5 Nh6 35. h3 f6 36. exf6+ 1/2-1/2

[Event "2. Bundesliga Mitte 2012/2013"]
[Site "Sauwald"]
[Date "2012.11.25"]
[Round "5"]
[Board "5"]
[White "Niederwieser, Peter"]
[Black "Wiesinger, Robert"]
[Result "1/2-1/2"]
[WhiteElo "2192"]
[BlackElo "2244"]
[PlyCount "58"]
[EventDate "2012.10.19"]
[EventType "team"]
[EventRounds "11"]
[EventCountry "AUT"]
[WhiteTeam "Spg. Sauwald"]
[BlackTeam "SV Steyregg"]

1. d4 Nf6 2. c4 e6 3. Nc3 Bb4 4. Qc2 O-O 5. a3 Bxc3+ 6. Qxc3 d5 7. Bg5 dxc4 8.
Qxc4 b6 9. Nf3 Ba6 10. Qa4 c5 11. Rd1 Qd7 12. Qc2 cxd4 13. Bxf6 gxf6 14. Nxd4
Rc8 15. Qe4 Qb7 16. Qxb7 Bxb7 17. e3 Nc6 18. Nb5 Rd8 19. Nd6 Rab8 20. Nxb7
Rxd1+ 21. Kxd1 Rxb7 22. Ba6 Rc7 23. Kd2 Na5 24. Bd3 Nb3+ 25. Ke2 Nc1+ 26. Kd2
Nb3+ 27. Ke2 Nc1+ 28. Kd2 Nb3+ 29. Ke2 Nc1+ 1/2-1/2

[Event "2. Bundesliga Mitte 2012/2013"]
[Site "Sauwald"]
[Date "2012.11.25"]
[Round "5"]
[Board "1"]
[White "Haba, Petr"]
[Black "Flumbort, Andras"]
[Result "1/2-1/2"]
[WhiteElo "2463"]
[BlackElo "2492"]
[PlyCount "62"]
[EventDate "2012.10.19"]
[EventType "team"]
[EventRounds "11"]
[EventCountry "AUT"]
[WhiteTeam "Spg. Grieskirchen/B.Schallerbach"]
[BlackTeam "ASK St. Valentin"]

1. e4 c5 2. Nf3 d6 3. d4 cxd4 4. Nxd4 Nf6 5. Nc3 e6 6. Be2 Be7 7. O-O O-O 8. f4
Nc6 9. Be3 e5 10. fxe5 dxe5 11. Nf5 Bxf5 12. Rxf5 Rc8 13. Kh1 g6 14. Rf1 Qxd1
15. Raxd1 Rfd8 16. Rxd8+ Bxd8 17. Bd3 Kg7 18. a3 Nd4 19. Bxd4 exd4 20. Nb5 Rc5
21. Nxd4 Bb6 22. Nf3 Rh5 23. h3 Ng4 24. b4 f5 25. exf5 gxf5 26. Re1 Nf2+ 27.
Kh2 Ng4+ 28. Kh1 Nf2+ 29. Kh2 Ng4+ 30. Kh1 Nf2+ 31. Kh2 Ng4+ 1/2-1/2

[Event "2. Bundesliga Mitte 2012/2013"]
[Site "Sauwald"]
[Date "2012.11.25"]
[Round "5"]
[Board "2"]
[White "Hajnal, Zoltan"]
[Black "Kilgus, Georg"]
[Result "0-1"]
[WhiteElo "2368"]
[BlackElo "2400"]
[PlyCount "76"]
[EventDate "2012.10.19"]
[EventType "team"]
[EventRounds "11"]
[EventCountry "AUT"]
[WhiteTeam "ASK St. Valentin"]
[BlackTeam "Spg. Grieskirchen/B.Schallerbach"]

1. e4 e5 2. Nf3 Nc6 3. Bc4 Bc5 4. c3 Nf6 5. d3 O-O 6. O-O d5 7. exd5 Nxd5 8.
Re1 Bg4 9. h3 Bh5 10. g4 Bg6 11. Nxe5 Nxe5 12. Rxe5 c6 13. Qf3 Bd6 14. Re1 Bc7
15. Na3 f5 16. g5 f4 17. h4 h6 18. Nb5 Bb6 19. Re5 Kh8 20. Bd2 Ne3 21. Nd4 Bxd4
22. cxd4 Nc2 23. gxh6 Qxh4 24. Rd1 Nxd4 25. Qg2 Qxh6 26. Rde1 Bh5 27. Qh3 Nf3+
28. Kg2 Nxe5 29. Rxe5 Bf7 30. Qf3 Bxc4 31. dxc4 Kg8 32. Bc3 Qg6+ 33. Kh2 Rf5
34. Re4 Raf8 35. Qh3 f3 36. Rg4 Rg5 37. Rxg5 Qxg5 38. Qe6+ Kh7 0-1

[Event "2. Bundesliga Mitte 2012/2013"]
[Site "Sauwald"]
[Date "2012.11.25"]
[Round "5"]
[Board "4"]
[White "Kranzl, Peter"]
[Black "Schwabeneder, Florian"]
[Result "0-1"]
[WhiteElo "2239"]
[BlackElo "2291"]
[PlyCount "112"]
[EventDate "2012.10.19"]
[EventType "team"]
[EventRounds "11"]
[EventCountry "AUT"]
[WhiteTeam "ASK St. Valentin"]
[BlackTeam "Spg. Grieskirchen/B.Schallerbach"]

1. e4 e5 2. Nc3 Nf6 3. g3 Bc5 4. Bg2 Nc6 5. Nge2 a6 6. d3 d6 7. h3 O-O 8. O-O
h6 9. Kh2 Nd4 10. Nxd4 Bxd4 11. f4 c6 12. Qf3 Nh7 13. Ne2 Ba7 14. fxe5 dxe5 15.
Qh5 f6 16. h4 Qd7 17. Bd2 Qg4 18. Qxg4 Bxg4 19. Bf3 Be6 20. Bg2 Rfd8 21. Bh3
Bf7 22. Ba5 b6 23. Be1 Nf8 24. Bf2 b5 25. Bxa7 Rxa7 26. a4 b4 27. b3 Rd6 28.
Rf2 c5 29. Ng1 Ng6 30. Bg4 Ne7 31. Nf3 h5 32. Bh3 Nc6 33. Rg1 Nd4 34. Nxd4 cxd4
35. g4 hxg4 36. Bxg4 g6 37. Bd1 Rc7 38. Rg3 Kg7 39. Rfg2 Rdc6 40. Rf2 Rc8 41.
Rgf3 Rh8 42. Kg3 a5 43. Rf1 Rf8 44. R1f2 Be6 45. Rf1 f5 46. exf5 gxf5 47. Rg1
Kf6 48. Kf2 Rcc8 49. Rfg3 Rg8 50. Rg5 Rxg5 51. Rxg5 Rh8 52. Bh5 Rg8 53. Rxg8
Bxg8 54. Bf3 Bh7 55. Ke1 e4 56. dxe4 fxe4 0-1

[Event "2. Bundesliga Mitte 2012/2013"]
[Site "Sauwald"]
[Date "2012.11.25"]
[Round "5"]
[Board "5"]
[White "Humer, Wolfgang"]
[Black "Theuretzbacher, Klaus"]
[Result "1/2-1/2"]
[WhiteElo "2268"]
[BlackElo "2234"]
[PlyCount "60"]
[EventDate "2012.10.19"]
[EventType "team"]
[EventRounds "11"]
[EventCountry "AUT"]
[WhiteTeam "Spg. Grieskirchen/B.Schallerbach"]
[BlackTeam "ASK St. Valentin"]

1. e4 d5 2. exd5 Qxd5 3. Nf3 e5 4. Nc3 Qa5 5. Bc4 Bd6 6. d4 Nd7 7. Bd2 Ngf6 8.
O-O O-O 9. Nd5 Qa4 10. Bb3 Qc6 11. Nxf6+ gxf6 12. Bh6 Qe4 13. Bxf8 Nxf8 14. Re1
Qf4 15. g3 Qf5 16. dxe5 fxe5 17. Bd5 Ng6 18. Qd2 Kg7 19. c4 a5 20. a3 a4 21.
Qe3 Ra5 22. Rad1 Qh3 23. Ng5 Qf5 24. Nxf7 Rxd5 25. Qh6+ Kg8 26. Rxd5 Qxf7 27.
Red1 b6 28. Rxd6 cxd6 29. Rxd6 Qc7 30. c5 bxc5 1/2-1/2

[Event "2. Bundesliga Mitte 2012/2013"]
[Site "Sauwald"]
[Date "2012.11.25"]
[Round "5"]
[Board "6"]
[White "Trauner, Rudolf"]
[Black "Hawelka, Franz"]
[Result "1/2-1/2"]
[WhiteElo "2196"]
[BlackElo "2089"]
[PlyCount "133"]
[EventDate "2012.10.19"]
[EventType "team"]
[EventRounds "11"]
[EventCountry "AUT"]
[WhiteTeam "ASK St. Valentin"]
[BlackTeam "Spg. Grieskirchen/B.Schallerbach"]

1. d4 d5 2. Nf3 c6 3. Bf4 Bg4 4. Nbd2 Nd7 5. e3 e6 6. Bd3 b5 7. O-O Ngf6 8. e4
Nb6 9. h3 Bh5 10. Re1 Nc4 11. Qe2 Qb6 12. exd5 cxd5 13. b3 Na3 14. c4 bxc4 15.
bxc4 Bb4 16. c5 Qa5 17. Nb3 Qa4 18. Red1 O-O 19. Rac1 Bxf3 20. gxf3 Qc6 21. Kh2
Nh5 22. Bd6 Rfd8 23. Rg1 Rxd6 24. Qe5 Rd7 25. Qxh5 g6 26. Rg4 f5 27. Rg3 Rg7
28. Qg5 Rf8 29. Rcg1 Qc7 30. f4 Nc4 31. Bc2 a5 32. Rd3 Nb2 33. Re3 a4 34. Nc1
Bd2 35. Rf3 Qb8 36. Nd3 Nxd3 37. Bxd3 Qb4 38. Rd1 Bc3 39. Re3 Qxd4 40. Bc2 Qxc5
41. Qg3 d4 42. Rxe6 a3 43. Bb3 Kh8 44. h4 Re7 45. Rxe7 Qxe7 46. Rd3 Qf6 47. Qg5
Kg7 48. Kg3 h6 49. Qxf6+ Kxf6 50. Kf3 Rb8 51. Bc4 Rb1 52. Kg2 Re1 53. Bb3 Rb1
54. Bc4 Rb4 55. Bg8 Rb7 56. Kf3 Rg7 57. Bb3 g5 58. hxg5+ hxg5 59. fxg5+ Ke5 60.
Ke2 Rxg5 61. Rh3 Rg1 62. Rh4 Re1+ 63. Kd3 Re4 64. Rh8 Re1 65. Re8+ Kf4 66. Rxe1
Bxe1 67. Ke2 1/2-1/2

[Event "2. Bundesliga Mitte 2012/2013"]
[Site "St. Veit/Glan"]
[Date "2013.03.22"]
[Round "6"]
[Board "1"]
[White "Kozul, Zdenko"]
[Black "Handler, Lukas"]
[Result "1-0"]
[WhiteElo "2621"]
[BlackElo "2369"]
[PlyCount "75"]
[EventDate "2012.10.19"]
[EventType "team"]
[EventRounds "11"]
[EventCountry "AUT"]
[WhiteTeam "Schachverein Wolfsberg"]
[BlackTeam "Schachclub MPOE Maria Saal"]

1. Nf3 Nf6 2. g3 d5 3. Bg2 c6 4. O-O Bg4 5. d3 Nbd7 6. Nbd2 e5 7. e4 dxe4 8.
dxe4 Bc5 9. h3 Bh5 10. Qe1 O-O 11. Nb3 Bb6 12. a4 a5 13. Nfd2 Nc5 14. Nxc5 Bxc5
15. Nc4 Nd7 16. Bd2 b6 17. Kh1 f6 18. f4 Qc7 19. f5 Bf7 20. Ne3 Rfd8 21. g4 Bd4
22. Bc1 b5 23. Qg3 Nb6 24. g5 fxg5 25. Qxg5 Bxe3 26. Bxe3 Nxa4 27. b3 Nc3 28.
Bf3 b4 29. Rg1 g6 30. Rg4 c5 31. h4 Rd6 32. h5 Be8 33. Rag1 Raa6 34. fxg6 hxg6
35. Qxe5 Qf7 36. R1g3 Qe6 37. Rxg6+ Bxg6 38. Rxg6+ 1-0